Path integrals in physics

Saved in:
Bibliographic Details
Main Author: Chaichian, M. (Masud) 1941-
Other Authors: Demichev, A. P. (Andrei Pavlovich)
Format: Book
Language:English
Published: Bristol ; Philadelphia : Institute of Physics, c2001
Subjects:
Tags: Add Tag
No Tags, Be the first to tag this record!

MARC

LEADER 00000nam a2200000 i 4500
001 1/81648
008 080410s2001 eng d
020 |a 0-7503-0802-8 
020 |a 0-7503-0801-X 
035 |l 10096503 
040 |a GR-MY-UA  |b gre  |e aacr 
041 0 |a eng 
082 0 |a 530.12  |2 (22) 
100 1 |a Chaichian, M.  |q (Masud)  |d 1941- 
245 1 0 |a Path integrals in physics /  |c M. Chaichian and A. Demichev 
260 |a Bristol ; Philadelphia :   |b Institute of Physics,   |c c2001 
300 |a 2 τ.;  |b εικ.;  |c 26 εκ. 
504 |a Περιέχει βιβλιογραφικές παραπομπές και ευρετήρια 
505 0 |a Τ. 1 Stochastic processes and quantum mechanics -- Τ. 2 Quantum field theory, statistical physics and other modern applications 
650 0 0 |a Path integrals. 
700 1 |a Demichev, A. P.  |q (Andrei Pavlovich) 
740 0 2 |a Stochastic processes and quantum mechanics 
740 0 2 |a Quantum field theory, statistical physics and other modern application 
852 |a INST  |b SAMOS  |e 20080410  |h 530.12 CHA  |p 005300026525  |q 005300026525  |t BK  |y 0  |z τ.1 
852 |a INST  |b SAMOS  |e 20080509  |h 530.12 CHA  |p 005300030420  |q 005300030420  |t BK  |y 0  |z τ.2 
852 |a INST  |b SAMOS  |e 20080410  |h 530.12 CHA  |p 005300026525  |q 005300026525  |t BK  |v τ.1:  |y 0  |z τ.1 
852 |a INST  |b SAMOS  |e 20080509  |h 530.12 CHA  |p 005300030420  |q 005300030420  |t BK  |v τ.2:  |y 0  |z τ.2 
853 |a INST  |b SAMOS  |h 530.12 CHA 
901 |a BIBL3-2008-2 
901 |a BIBL3-2008-1 
909 |a Σ  |b 152351 
909 |a Σ  |b 151351 
922 |a 3ΕΛΗ  |b 200803  |c ΕΠΕΑΕΚ2/ΤΜΗΜΑ ΜΑΘΗΜΑΤΙΚΩΝ  |d ΠΑΠΑΣΩΤΗΡΙΟΥ 
970 |a ΡΟΥΣΣΟΥ  |b ΚΩΝΣΤΑΝΤΙΝΑ  |z 2008/04/10